ბათუმის შოთა რუსთაველის სახელმწიფო უნივერსიტეტის ბიბლიოთეკა

Деловые письма и контракты на русском, английском, немецком языках / (ბიბ.ჩანაწერი № 40214)

000 -LEADER
fixed length control field 00786nam a2200241Ia 4500
001 - CONTROL NUMBER
control field 6821
003 - CONTROL NUMBER IDENTIFIER
control field GE_BSU
005 - DATE AND TIME OF LATEST TRANSACTION
control field 20221101112958.0
008 - FIXED-LENGTH DATA ELEMENTS--GENERAL INFORMATION
fixed length control field 181216s2006ru xx |||||||||||||| ||rus||
020 ## - INTERNATIONAL STANDARD BOOK NUMBER
International Standard Book Number 5 98111 063 5
040 ## - CATALOGING SOURCE
Transcribing agency GE_BSU
041 ## - LANGUAGE CODE
Language code of text/sound track or separate title rus
080 ## - UNIVERSAL DECIMAL CLASSIFICATION NUMBER
Universal Decimal Classification number 651.5 ж-42
100 ## - MAIN ENTRY--PERSONAL NAME
Personal name Жданов, А.А.
9 (RLIN) 15685
245 ## - TITLE STATEMENT
Title Деловые письма и контракты на русском, английском, немецком языках /
Statement of responsibility, etc. А.А. Жданов, И.Ф. Жданова.
250 ## - EDITION STATEMENT
Edition statement 2-е изд.
260 ## - PUBLICATION, DISTRIBUTION, ETC.
Date of publication, distribution, etc. 2006
264 ## - PRODUCTION, PUBLICATION, DISTRIBUTION, MANUFACTURE, AND COPYRIGHT NOTICE
Place of production, publication, distribution, manufacture Москва :
Name of producer, publisher, distributor, manufacturer Филоматис,
Date of production, publication, distribution, manufacture, or copyright notice 2006.
300 ## - PHYSICAL DESCRIPTION
Extent 283 с:.
Other physical details 20 см.
653 ## - INDEX TERM--UNCONTROLLED
keyword Деловые письма. Контракты
700 ## - ADDED ENTRY--PERSONAL NAME
Personal name Жданова, И.Ф.
9 (RLIN) 15686
942 ## - ADDED ENTRY ELEMENTS (KOHA)
Koha item type წიგნი
Source of classification or shelving scheme
ეგზემპლარები
Withdrawn status Lost status Source of classification or shelving scheme Damaged status Not for loan Permanent Location Current Location Shelving location Date acquired Cost, normal purchase price Full call number Barcode Date last seen Copy number Price effective from Koha item type Public note
          ბათუმის შოთა რუსთაველის სახელმწიფო უნივერსიტეტის მთავარი ბიბლიოთეკა ბათუმის შოთა რუსთაველის სახელმწიფო უნივერსიტეტის მთავარი ბიბლიოთეკა წიგნსაცავი 2018-12-17 4.00 651.5 ж-42 6837 2018-12-17 6837 2018-12-17 წიგნი 4.00